书目信息 |
| 题名: |
列宁专题文集
|
|
| 作者: | 韦建桦 主编 ;中共中央马克思恩格斯列宁斯大林著作局编 编译 | |
| 分册: | 论社会主义 | |
| 出版信息: | 北京 人民出版社 2009.12 |
|
| 页数: | 494页 | |
| 开本: | 21cm | |
| 丛书名: | ||
| 单 册: | ||
| 中图分类: | A821 , A821.64 | |
| 科图分类: | ||
| 主题词: | 列宁著作--lie ning zhu zuo--社会主义 | |
| 电子资源: | ||
| ISBN: | 978-7-01-008584-5 | |
| 000 | 01444nam0 2200277 450 | |
| 001 | 012010880162 | |
| 005 | 20100806082059.26 | |
| 010 | @a978-7-01-008584-5@b精装@dCNY44.00 | |
| 100 | @a20100806d2009 em y0chiy0120 ea | |
| 101 | 0 | @achi |
| 102 | @aCN@b110000 | |
| 105 | @ay z 000yy | |
| 106 | @ar | |
| 200 | 1 | @a列宁专题文集@Alie ning zhuan ti wen ji@i论社会主义@f韦建桦主编@Fwei jian hua zhu bian@g中共中央马克思恩格斯列宁斯大林著作局编编译@Gzhong gong zhong yang ma ke si en ge si lie ning si da lin zhu zuo ju bian bian yi |
| 210 | @a北京@c人民出版社@d2009.12 | |
| 215 | @a494页@d21cm | |
| 300 | @a马克思主义理论研究和建设工程重点项目 | |
| 330 | @a本卷收入列宁著作35篇,相关重要论述51条。列宁在这些著作和论述中阐述了马克思根据现代社会的经济运动规律得出的资本主义社会必然为社会主义社会所取代的科学结论;揭示了帝国主义时代资本主义经济和政治发展不平衡的规律,提出了社会主义将首先在少数甚至在单独一个国家内获得胜利的科学论断;论述了马克思关于从资本主义向共产主义过渡时期的理论和无产阶级专政学说;阐发了马克思关于共产主义社会发展阶段的学说。 | |
| 517 | 1 | @a论社会主义@Alun she hui zhu yi |
| 606 | 0 | @a列宁著作@Alie ning zhu zuo@x社会主义 |
| 690 | @aA821@v4 | |
| 690 | @aA821.64@v4 | |
| 701 | 0 | @a韦建桦@Awei jian hua@4主编 |
| 712 | 02 | @a中共中央马克思恩格斯列宁斯大林著作局编@Azhong gong zhong yang ma ke si en ge si lie ning si da lin zhu zuo ju bian@4编译 |
| 801 | 0 | @aCN@bQSSK@c20100806 |
| 905 | @b786166-67@dA821@eW513@f2 | |
| 列宁专题文集.论社会主义/韦建桦主编/中共中央马克思恩格斯列宁斯大林著作局编编译.-北京:人民出版社,2009.12 |
| 494页;21cm |
| 马克思主义理论研究和建设工程重点项目 |
| ISBN 978-7-01-008584-5(精装):CNY44.00 |
| 本卷收入列宁著作35篇,相关重要论述51条。列宁在这些著作和论述中阐述了马克思根据现代社会的经济运动规律得出的资本主义社会必然为社会主义社会所取代的科学结论;揭示了帝国主义时代资本主义经济和政治发展不平衡的规律,提出了社会主义将首先在少数甚至在单独一个国家内获得胜利的科学论断;论述了马克思关于从资本主义向共产主义过渡时期的理论和无产阶级专政学说;阐发了马克思关于共产主义社会发展阶段的学说。 |
| ● |
| 相关链接 |
|
|
|
正题名:列宁专题文集
索取号:A821/W513
 
预约/预借
| 序号 | 登录号 | 条形码 | 馆藏地/架位号 | 状态 | 备注 |
| 1 | 786166 | 207861660 | 社科库509/509社科库 4排3列2层/ [索取号:A821/W513] | 在馆 | |
| 2 | 786167 | 207861679 | 社科库509/509社科库 4排3列2层/ [索取号:A821/W513] | 在馆 |